Guns N' Roses ~ So Fine - Statistics

General Stats
  • This quiz has been taken 43 times
  • The average score is 209 of 300
Answer Stats
Answer % Correct
fine
100%
so
100%
So
100%
be
93%
she
93%
How
89%
I
89%
you
89%
a
85%
can
85%
could
85%
it
85%
look
85%
who
85%
to
81%
cool
78%
mine
78%
on
78%
the
78%
The
78%
he
74%
of
74%
When
74%
when
74%
and
70%
And
70%
But
70%
me
70%
might
70%
that
70%
always
67%
as
67%
at
67%
for
67%
his
67%
It's
67%
its
67%
Just
67%
man
67%
own
67%
story
67%
works
67%
Yeah
67%
been
63%
broken
63%
come
63%
house
63%
in
63%
I've
63%
leaves
63%
My
63%
my
63%
night
63%
see
63%
where
63%
book
59%
difference
59%
fool
59%
hard
59%
If
59%
life
59%
many
59%
stands
59%
takes
59%
times
59%
turn
59%
up
59%
burns
56%
friend
56%
live
56%
make
56%
darkness
52%
friends
52%
know
52%
lights
52%
made
52%
stars
52%
was
52%
all
48%
comes
48%
down
48%
favor
48%
from
48%
right
48%
taken
48%
your
48%
good
44%
happy
44%
through
44%
grab
41%
Guitar
41%
owe
41%
reach
41%
want
41%
Hey
37%
Now
37%
one
37%
sweat
37%
went
37%
alright
33%
only
33%
I'd
30%
think
30%
Ah
7%
No matching quizzes found
Score Distribution
Percent of People with Each Score
Percentile by Number Answered
Your Score History
You have not taken this quiz